Statistics for Chess: Rapid and Blitz

Click here to take the quiz!

General Stats

  • This quiz has been taken 112 times
  • The average score is 5 of 6

Answer Stats

Answer% Correct
King
99%
Magnus Carlsen
91%
Hikaru Nakamura
86%
Viswanathan Anand
75%
Anish Giri
70%
Fabiano Caruana
69%

Score Distribution

Percentile by Number Answered

Percent of People with Each Score

Your Score History

You have not taken this quiz